000 00517nam a2200217Ia 4500
003 OSt
005 20220928144120.0
006 a|||||r|||| 00| 0
007 ta
008 220927b |||||||| |||| 00| 0 eng d
024 _a24377
037 _cTextual
040 _aSDCL
_cSDCL
_beng
041 _2eng
_aeng
082 _aQ11x, J6
100 _aKunhan Raja C
_9507012
245 0 _aAsya vamasya hymn.
260 _c1956
942 _hQ11x, J6
_cTEXL
_2CC
999 _c826291
_d826291